| 000 | 02784nam0a2200409 4500 | ||
|---|---|---|---|
| 001 | RU\NLR\bibl\1516598 | ||
| 005 | 20260407230201.0 | ||
| 010 |
_a978-5-7186-0433-7 _9200 |
||
| 021 |
_aRU _b2010-30968 _92076 |
||
| 035 | _a(nilc)RSL-KNO-004636106 | ||
| 035 | _a(NLR Aleph) 001507973 | ||
| 090 |
_a62215 _c62215 |
||
| 100 | _a20100427d2010 |||y0rusy50 ca | ||
| 101 | 0 | _arus | |
| 102 | _aRU | ||
| 105 | _aa ||||||||| | ||
| 200 | 1 |
_aМузыкальное и художественное образование в социокультурном развитии личности _eматериалы Всероссийской конференции, посвященной 50-летнему юбилею Факультета музыкального и художественного образования, 9 апреля 2010 г., Екатеринбург, Россия _f[науч. ред. Б. Б. Бородин] |
|
| 210 |
_aЕкатеринбург _cУральский гос. пед. ун-т _d2010 _eЕкатеринбург _gОтдел множительной техники Уральского государственного педагогического университета |
||
| 215 |
_a183 с. _cил., нот. _d21 |
||
| 225 | 1 | _aУчить и учиться! | |
| 300 | _aВ надзаг.: М-во образования и науки Российской Федерации, ГОУ ВПО "Уральский гос. пед. ун-т", Фак. музыкального и худож. образования, Каф. теории, истории музыки и музыкальных инструментов | ||
| 320 | _aБиблиогр. в конце докл. | ||
| 606 | 1 |
_aМузыкальное образование _jСъезды, совещания и т.п. _91363439 _3RU\NLR\auth\66256315 |
|
| 606 | 1 |
_aХудожественное образование _jСъезды, совещания и т.п. _91208732 _3RU\NLR\auth\66171892 |
|
| 606 | 1 |
_aЭстетическое воспитание _jСъезды, совещания и т.п. _92520408 _3RU\NLR\auth\661493555 |
|
| 686 |
_aЩ31р(2)3-3я431(2) _2rubbk |
||
| 686 |
_aЩ310.7я431(2) _2rubbk |
||
| 686 | _aЧ459.7я431 | ||
| 686 | _aЧ313.55я431 | ||
| 702 | 1 |
_aБородин _bБ. Б. _gБорис Борисович _4340 |
|
| 712 | 0 | 2 |
_4570 _aУральский государственный педагогический университет _cЕкатеринбург _bКафедра теории, истории музыки и музыкальных инструментов _3RU\NLR\AUTH\8810155181 _9805680 |
| 801 | 0 |
_aRU _bРГБ _c20100427 _grcr |
|
| 801 | 1 |
_aRU _bРГБ _c20100427 |
|
| 801 | 2 |
_aRU _bNLR _c20100528 _grcr |
|
| 942 | _cBOOK | ||
| 980 | _aNB | ||